Statistiques concernant Cliquez sur la bonne traduction en italien - Le corps humain

Cliquez ici pour prendre le quiz!

Statistiques générales

  • Ce quiz a été pris 225 fois
  • Le résultat moyen est 19 sur 27

Statistiques - réponses

HintRéponse% Correct
BoucheBocca
100%
NezNaso
99%
MainMano
98%
PiedPiede
96%
CerveauCervello
95%
ReinsReni
95%
CheveuxCapelli
94%
CoeurCuore
93%
DentsDenti
92%
DoigtDito
92%
PoumonsPolmoni
89%
BrasBraccio
88%
CouCollo
88%
OreillesOrecchie
84%
NombrilOmbelico
79%
JambeGamba
76%
YeuxOcchi
73%
TêteTesta
61%
FoieFegato
55%
CuisseCoscia
52%
VentrePancia
51%
JouesGuance
39%
PoignetPolso
38%
SeinsTette
37%
PoitrinePetto
27%
DosSchiena
27%
FessesChiappe
12%

Distribution des résultats

Percentile par nombre de réponses

% des personnes avec chaque résultat

Votre développement - résultats

Vous n’avez pas pris ce quiz